000 00639nam a2200229Ia 4500
003 OSt
005 20220926040705.0
006 a|||||r|||| 00| 0
007 ta
008 220923b |||||||| |||| 00| 0 eng d
037 _cGeneral Book
040 _aRTL
_cRTL
_beng
041 _2eng
_aeng
082 _aX6p1N396:N44, H4
110 _aUnited Nations Monetary and Financial Conference
_9343950
245 0 _aFinal act.
260 _c1944
650 _aCredit
_9234994
700 _aUnited Nations Monetary and Financial Conference
_9343951
942 _hX6p1N396:N44, H4
_cGB
_2CC
999 _c665374
_d665374